000 00912nas a2200277 4500
001 BR7902648
003 BR-BrBNA
005 20231205083715.0
007 ta
008 230509b bl.|||p| |||| 00| 00por d
040 _aBR-BrBNA
_bpor
_cBiblioteca Nacional de Agricultura
041 _a(Pt)
072 _aK20
100 1 _aShimabukuro, Y.E.
100 1 _aHernandes Filho, P.
100 1 _aKoffler, N.F.
100 1 _aChen, S.C.
245 1 _aClassificacao automatica de reflorestamentos de Pinus spp. e Eucalyptus spp. em Mogi Guacu, Sao Paulo utilizando dados do satelite Landsat [Pinheiro; Eucalipto; Inventario florestal; Brasil]
650 _aPINHEIRO
650 _aEUCALIPTO
650 _aFLORESTA
650 _aINVENTARIO FLORESTAL
773 0 _tIPEF (Brazil)
_xISSN 0100-4557
_g(Jun 1978), (no. 16) p. 74-87
_wBR7902648
909 _a202311
_bLúcia
_c55
_dLúcia Elande
942 _2AGRIS
_n0
_cANA
999 _c100683
_d100683